000
00326nam a2200109Ia 4500
008
200302s9999 xx 000 0 und d
100
_a
Cristina Bechtler (Ed)
245
_a
Art Becomes Architecture Becomes Art, Conversation between Vito Acconci & Kenny Schachter
260
_b
Springer Wien, NY
260
_c
2006
300
_a
165
999
_c
4568
_d
4568